Arsenal FC Squad 2025-2026 - Statistics

General Stats
  • This quiz has been taken 1,163 times
    909 since last reset
  • The average score is 23 of 26
Answer Stats
# Position Nation Player % Correct
1 GK Spain David Raya
99%
2 DF France William Saliba
98%
8 MF Norway Martin Ødegaard
97%
7 FW England Bukayo Saka
96%
6 DF Brazil Gabriel Magalhães
96%
9 FW Brazil Gabriel Jesus
94%
11 FW Brazil Gabriel Martinelli
93%
19 FW Belgium Leandro Trossard
93%
- Coach Spain Mikel Arteta
93%
14 FW Sweden Viktor Gyökeres
93%
41 MF England Declan Rice
92%
33 DF Italy Riccardo Calafiori
91%
29 FW Germany Kai Havertz
90%
4 DF England Ben White
89%
12 DF Netherlands Jurrien Timber
89%
36 MF Spain Martín Zubimendi
87%
23 MF Spain Mikel Merino
86%
5 DF Ecuador Piero Hincapié
86%
10 MF England Eberechi Eze
83%
49 DF England Myles Lewis-Skelly
83%
13 GK Spain Kepa Arrizabalaga
80%
16 MF Denmark Christian Nørgaard
78%
3 DF Spain Cristhian Mosquera
75%
20 FW England Noni Madueke
73%
22 FW England Ethan Nwaneri
70%
56 MF England Max Dowman
65%
No matching quizzes found
Score Distribution
Percent of People with Each Score
Percentile by Number Answered
Your Score History
You have not taken this quiz since the last reset